| 000 | 00452nam a2200157 i 4500 | ||
|---|---|---|---|
| 001 | 50414 | ||
| 003 | ES-MaACL | ||
| 005 | 20230906162157.0 | ||
| 007 | t| | ||
| 008 | 030804s1915 sp ||||1| spa d | ||
| 100 | 1 |
_aCuli y Verdaguer, F. _942132 |
|
| 245 | 1 | 4 |
_aLas mancomunidades provinciales / _cF. Culi y Verdaguer. |
| 260 |
_aBarcelona : _b[s.n., _c1915] ( _fCasa Provincial de Caridad) |
||
| 502 | _aTesis doctoral. | ||
| 852 |
_aES-MaACL _j1533-F-10 |
||
| 999 |
_c50414 _d50414 |
||